Gradientová optimalizácia kvadratúrnych zrkadlových filtrov : Kand.diz.práca : Obh. 12.05.1988 /

Salvato in:
Dettagli Bibliografici
Autore principale: Filo, Juraj (Autore)
Altri autori: Tima, Jozef (Relatore della tesi)
Natura: Manoscritto Libro
Pubblicazione: Bratislava : SVŠT v Bratislave EF, 1987
Soggetti:
Tags: Aggiungi Tag
Nessun Tag, puoi essere il primo ad aggiungerne!!

MARC

LEADER 00000ntm a22000003a 4500
001 stu4393
005 20150617225810.3
008 ------s1987----------------------------d
040 |a STU  |b slo 
041 0
100 1 |a Filo, Juraj  |4 aut 
245 1 |a Gradientová optimalizácia kvadratúrnych zrkadlových filtrov :  |b Kand.diz.práca : Obh. 12.05.1988 /  |c [aut.] Filo,Juraj, Ing.; Škol. Tima,Jozef 
260 |a Bratislava :  |b SVŠT v Bratislave EF,  |c 1987 
300 |a 123 s  |c Autoref.1987, 12 s 
650 7 |a Rádioelektronika  |2 stusub 
650 7 |a spracovanie signálov  |2 stusub 
700 1 |a Tima, Jozef  |4 ths 
996 |b 284ED00281  |c E*KDIZ-545  |l EE01  |s A  |a 24  |w stu4393_0001